Statistics for Answers are TV Titles

Click here to take the quiz!

General Stats

  • This quiz has been taken 12,450 times
    (6,389 since last reset)
  • The average score is 14 of 20

Answer Stats

Clue TV Show % Correct
Number of hours in a day24
97%
The unmarried manThe Bachelor
86%
Last name of German brothers
who compiled fairy tales
Grimm
86%
Norsemen who terrorized EuropeVikings
84%
The choir members with the
highest voices
The Sopranos
83%
The part of the White House where
the Oval Office is located
The West Wing
81%
Depth of a graveSix Feet Under
79%
It's this, my dear WatsonElementary
78%
1984 character who is always watchingBig Brother
77%
Beats a flushFull House
77%
Town where Superman grew upSmallville
76%
What surgeons wearScrubs
74%
The initials of a county just south of L.A.The O.C.
72%
The members of the dynasty of
Henry VIII and Elizabeth
The Tudors
72%
Neighbor of Fort WorthDallas
68%
The Red Hot Chili Peppers'
most famous album?
Californication
52%
New York hamlet haunted by
the Headless Horseman
Sleepy Hollow
47%
Famous general of ancient CarthageHannibal
46%
Cloister dwellerMonk
42%
When an electron "jumps" from
one position to another
Quantum Leap
22%

Score Distribution

Percentile by Number Answered

Percent of People with Each Score

Your Score History

You have not taken this quiz since the last reset